[Event "3rd GRENKE Chess Open 2018"]
[Site "Karlsruhe"]
[Date "2018.03.30"]
[Round "2"]
[White "Mohebbi, Jafar"]
[Black "Buhmann, Rainer"]
[Result "0-1"]
[WhiteElo "2263"]
[BlackElo "2588"]
[Annotator "TA"]
[PlyCount "64"]
[EventDate "2018.??.??"]
[EventType "swiss"]
[EventCountry "GER"]
[SourceTitle "playchess.com"]
[Source "ChessBase"]
[SourceQuality "1"]

{[%evp 12,64,0,-4,-4,2,-5,-3,-2,0,0,-4,-14,-18,-16,-12,-20,-23,-6,-19,11,14,13,10,49,16,9,12,8,8,45,43,49,51,66,42,62,43,98,51,120,98,98,97,129,106,111,78,131,127,125,124,131,118,142]} 1. Nf3 Nf6 2. g3 b5 3. d4 Bb7 4. Bg2 e6 5. O-O Be7 6. a4 b4 7. c4 bxc3 {A46: 1 d4 Nf6 2 Nf3 e6: Torre, London and Colle Systems} 8. bxc3 c5 9. Ba3 O-O {The position is equal.} 10. Qb3 Qc7 11. Nbd2 Nc6 12. Bxc5 Bxc5 13. dxc5 Na5 14. Qa3 {[#]} Rac8 $146 ({Predecessor:} 14... Rfc8 15. Rfb1 {½-½ (68) Roesch,A (2350)-Wahls,M (2595) Germany 1997}) 15. Rfb1 Ba6 16. Nd4 Qxc5 17. Nb5 d5 18. e4 dxe4 19. Nxe4 Nxe4 20. Bxe4 f5 21. Bg2 Qxa3 22. Rxa3 Nc4 {[#] White must now prevent ...Bxb5.} 23. Ra2 Bxb5 24. axb5 Rf7 (24... Rc7 $14) 25. Re1 Nd6 (25... Rc5 $14) 26. Bc6 $16 Re7 27. Ra4 Kf7 28. c4 {[%cal Bc3c4,Bc4c5][%mdl 32]} Kf6 29. Rea1 Rcc7 (29... Rec7 $142) 30. c5 Nf7 {[#]} 31. Rc1 $1 Ne5 32. Bg2 Red7 {[%mdl 32768] Precision: White = 80%, Black = 46%. . Loss on Time!?} 0-1

[Event "3rd GRENKE Chess Open 2018"]
[Site "Karlsruhe"]
[Date "2018.03.30"]
[Round "2"]
[White "Bifulco, Michel"]
[Black "Kunin, Vitaly"]
[Result "1/2-1/2"]
[WhiteElo "2262"]
[BlackElo "2575"]
[Annotator "TA"]
[PlyCount "80"]
[EventDate "2018.??.??"]
[EventType "swiss"]
[EventCountry "GER"]
[SourceTitle "playchess.com"]
[Source "ChessBase"]
[SourceQuality "1"]

{[%evp 15,80,59,77,91,86,73,76,73,67,65,84,41,47,28,77,8,8,6,48,15,16,16,24,15,15,22,40,27,44,28,37,43,40,31,97,97,116,114,163,135,176,170,188,188,272,0,0,0,2,0,0,0,0,0,0,-66,324,305,287,248,248,248,248,248,248,248,266]} 1. d4 Nf6 2. c4 e6 3. Nf3 b6 4. Bf4 Bb7 5. e3 c5 6. d5 {E12: Queen's Indian: Unusual White 4th moves, 4 a3, 4 Nc3 Bb7 5 a3 and 4 Nc3 Bb7} exd5 7. Nc3 a6 (7... dxc4 8. Bxc4 d5 9. Nb5 dxc4 10. Nc7+ Ke7 11. Qa4 Qd7 12. Qxc4 Bxf3 13. gxf3 Qc6 14. O-O-O Nbd7 15. Rd6 Qxf3 16. Rhd1 Rc8 17. Re6+ Kd8 18. Rxd7+ Kxd7 19. Qb5+ {1-0 (19) Lupulescu,C (2628)-Enchev,I (2465) Achaea 2016}) 8. cxd5 d6 {LiveBook: 3 Games} 9. a4 g6 10. h3 Bg7 11. Be2 O-O 12. O-O Qe7 13. Re1 $146 ({Predecessor:} 13. Qc2 Nbd7 14. Rad1 Nh5 15. Bh2 Ne5 {1-0 (35) Colombo,C (2096)-D'Andrea,L Montevideo 2011}) 13... Nbd7 14. Bh2 Ne8 15. Bc4 ({Better is} 15. e4 $16) 15... Ne5 $11 16. Nd2 Rb8 17. Bf1 f5 18. f4 Nf7 19. e4 fxe4 20. Ndxe4 Qd8 21. Kh1 Nf6 22. Rb1 Nxe4 23. Nxe4 Qc7 24. Bc4 Rbe8 (24... Bc8 $14) 25. Qd3 $16 Re7 26. Re2 Rfe8 27. Rbe1 Bc8 28. Bxa6 Bxa6 29. Qxa6 Bxb2 (29... Rf8 {was necessary.} 30. f5 Ne5) 30. Rxb2 $2 {[#]} (30. Bg3 $18) 30... Rxe4 $11 31. Rxe4 Rxe4 32. Rxb6 Rxa4 $1 33. Qb5 Rb4 34. Qe8+ Kg7 35. Ra6 (35. Rxb4 $11 cxb4 36. Qc6) 35... c4 $2 {[%mdl 8192] [#]} (35... Qb7 $15 {stays ahead.} 36. Ra8 Rb1+ 37. Bg1 Qxd5 38. Qf8+ Kf6) 36. Bg1 $1 $18 {[%cal Rg1d4] Bd4+ is the strong threat.} Rb1 {( -> ...Qc5)} 37. Kh2 {White threatens Bd4+ and mate.} Rxg1 {White is clearly better.} 38. Kxg1 {aiming for Qe3.} Qc5+ 39. Kh1 Qxd5 40. Ra7 Qf5 {[%mdl 32768] Precision: White = 68%, Black = 48%. . An unexpected result.} 1/2-1/2

[Event "3rd GRENKE Chess Open 2018"]
[Site "Karlsruhe"]
[Date "2018.03.30"]
[Round "2"]
[White "Nazarenus, Moritz"]
[Black "Heberla, Bartlomiej"]
[Result "1/2-1/2"]
[WhiteElo "2259"]
[BlackElo "2570"]
[Annotator "TA"]
[PlyCount "91"]
[EventDate "2018.??.??"]
[EventType "swiss"]
[EventCountry "GER"]
[SourceTitle "playchess.com"]
[Source "ChessBase"]
[SourceQuality "1"]

{[%evp 20,91,-27,-27,-25,-21,-18,-36,-21,-23,-21,-20,32,0,-14,0,32,22,77,71,65,78,93,58,91,103,147,108,127,127,111,102,95,107,88,64,54,47,43,11,56,45,50,15,41,0,0,0,0,-9,0,0,60,0,13,8,74,51,62,32,30,30,30,30,30,30,30,20,134,0,30,0,146,0]} 1. d4 g6 2. c4 Bg7 3. e4 d6 4. Ne2 Nf6 5. Nbc3 O-O 6. f3 Nc6 7. Be3 a6 8. Qd2 Na5 {E83: King's Indian: Sämisch Panno (6...Nc6): Lines without either Nge2 or Qd2} 9. Ng3 (9. b3 b5 10. cxb5 axb5 11. Rc1 c6 12. Ng3 h5 13. Bd3 e5 14. Nge2 b4 15. Na4 exd4 16. Bxd4 {0-1 (23) Topalov,V (2760)-Nakamura,H (2779) Saint Louis 2016}) 9... b5 10. cxb5 axb5 11. Rc1 {LiveBook: 7 Games} b4 12. Nd1 Nb7 $146 ({Predecessor:} 12... b3 13. a3 Ba6 14. Qxa5 Bxf1 15. Qd2 Ba6 16. Bh6 Bxh6 17. Qxh6 {0-1 (30) Villegas,P (2323)-Kanarek,M (2528) Barcelona 2015}) 13. Qxb4 c5 $1 {[%cal Rc5b4]} 14. Qd2 cxd4 15. Bxd4 Rxa2 ({Black should try} 15... e5 $11 16. Be3 d5) 16. Bc4 Ra8 17. b4 $36 {[%mdl 2048] White has the initiative.} h5 18. O-O d5 (18... h4 $11 {remains equal.}) 19. Bxd5 $16 e6 20. Bxb7 $1 Bxb7 {[#]} 21. Qb2 $1 Ba6 22. Re1 Rb8 23. Ne3 h4 24. Ngf1 {Black must now prevent Ng4.} Re8 25. Ra1 Bxf1 26. Rxf1 h3 27. Rfd1 Qe7 28. Rab1 hxg2 29. Nxg2 e5 30. Be3 Rb5 31. Rdc1 Qb7 32. Rc5 Bf8 33. Rxb5 Qxb5 34. Bd2 Qd3 35. Ne1 Qd7 (35... Qb5 $11) 36. Bc3 (36. Bg5 $14 Nh5 37. Qd2) 36... Bh6 37. Bxe5 Be3+ {[#]} (37... Nh5 $1 $11) 38. Kh1 $1 Nh5 $1 {aiming for ...Rxe5!} 39. Ng2 Bb6 40. Nf4 Nxf4 41. Bxf4 {Threatens to win with Kg2.} Qd3 $1 42. Qb3 Qe2 43. Qd1 Qa2 (43... Rxe4 $11 {keeps the balance.} 44. Qxe2 Rxe2) 44. Qb3 (44. Rc1 $16) 44... Qe2 $1 $11 {...Rxe4! is the strong threat.} 45. Qd1 (45. Bg3 $11) 45... Qa2 $16 46. Qb3 {Precision: White = 42%, Black = 46%.} (46. Rc1 $16) 1/2-1/2

[Event "3rd GRENKE Chess Open 2018"]
[Site "Karlsruhe"]
[Date "2018.03.30"]
[Round "2"]
[White "Elgersma, Simon"]
[Black "Demuth, Adrien"]
[Result "0-1"]
[WhiteElo "2257"]
[BlackElo "2551"]
[Annotator "TA"]
[PlyCount "94"]
[EventDate "2018.??.??"]
[EventType "swiss"]
[EventCountry "GER"]
[SourceTitle "playchess.com"]
[Source "ChessBase"]
[SourceQuality "1"]

{[%evp 22,93,-14,-32,-25,-51,-43,-39,-43,-55,-70,-80,-83,-93,-54,-74,-85,-94,-49,-54,-65,-52,-42,-38,0,-33,-14,-10,-7,-14,-5,-26,-27,-36,-43,-57,-44,-66,-24,-24,-24,-25,-25,-10,-8,-25,-22,-41,-41,-75,-50,-61,-35,-72,0,-171,-184,-191,-192,-221,-230,-221,-222,-227,-218,-226,-231,-243,-230,-428,-443,-29998,-29999,-29999]} 1. e4 e6 2. d4 d5 3. Nc3 Bb4 4. e5 c5 5. a3 Bxc3+ 6. bxc3 Ne7 7. h4 {[%cal Bh2h4,Bh4h5][%mdl 32]} Qc7 8. h5 {C18: French: 3 Nc3 Bb4: Main line: 7 h4 and 7 Qg4} cxd4 (8... h6 9. Rb1 b6 10. Qg4 Kf8 11. Bd3 Ba6 12. Bd2 Bxd3 13. cxd3 cxd4 14. cxd4 Qc2 15. Rc1 Qxd3 {½-½ (41) Dominguez Perez,L (2739)-So,W (2788) Saint Louis 2017}) 9. cxd4 Qc3+ 10. Bd2 Qxd4 11. Nf3 Qe4+ 12. Be2 {LiveBook: 18 Games} Nf5 $1 13. Kf1 b6 14. Bb5+ Nd7 {[#]} 15. Bd3 $146 ({Find the theoretical novelty and annotate with similar games:} 15. Kg1 O-O {½-½ (38) Van Kampen,R (2602)-Nakar,E (2398) Caleta 2014}) 15... Qg4 16. Rb1 Bb7 17. c3 d4 18. Bxf5 Qxf5 19. cxd4 Qd3+ 20. Kg1 Bxf3 21. Qxf3 Qxf3 ({Don't play} 21... Qxb1+ $6 22. Kh2 $16) 22. gxf3 Rc8 23. Kf1 f6 24. f4 Kf7 25. Ke2 Nb8 26. Bb4 Rc2+ 27. Ke3 Rhc8 28. Rhd1 Nc6 29. Rd2 Rxd2 (29... Rc4 {NOTEXT} 30. Rd3 f5 31. Rbd1 Nxb4 32. axb4 Rxb4 33. h6 g6) 30. Bxd2 $15 {[%mdl 4096] Endgame KRB-KRN} Ne7 31. a4 Rc4 32. a5 $1 Ra4 33. Kd3 Nd5 34. axb6 axb6 35. Rc1 Ra3+ 36. Ke2 Ra2 37. Ke1 Ra3 (37... f5 $17) 38. Rc6 $2 {[#]} (38. Ke2 $11 {and White has nothing to worry.}) 38... f5 $1 $19 39. Rd6 Ke7 40. Be3 Ra1+ 41. Ke2 {[#]} Rh1 $1 42. Kf3 Rxh5 43. Kg2 Rh4 44. Bc1 h6 ({Resist} 44... Nxf4+ 45. Kf3 $17) 45. Ba3 $2 (45. f3 {was called for.}) 45... Nxf4+ 46. Kg3 (46. Kg1 $19 Rh3 47. Bb4) 46... Rh3+ 47. Kxf4 g5# {Precision: White = 35%, Black = 83%.} 0-1

[Event "3rd GRENKE Chess Open 2018"]
[Site "Karlsruhe"]
[Date "2018.03.30"]
[Round "2"]
[White "Namyslo, Holger"]
[Black "David, Alberto"]
[Result "1-0"]
[WhiteElo "2257"]
[BlackElo "2566"]
[Annotator "TA"]
[PlyCount "106"]
[EventDate "2018.??.??"]
[EventType "swiss"]
[EventCountry "GER"]
[SourceTitle "playchess.com"]
[Source "ChessBase"]
[SourceQuality "1"]

{[%evp 27,106,0,0,0,2,-77,-74,-130,-129,-128,-128,-136,-134,-141,-136,-167,-166,-167,-147,-152,-146,-145,-135,-145,-122,-136,-119,-135,-137,-141,-135,-189,-170,-194,-191,-201,-186,-209,-205,-213,-193,-198,-189,-178,-174,-221,-243,-254,-251,-251,-250,-236,-248,-233,-230,-239,-241,-302,-305,-278,-261,-293,-254,-247,-101,-101,-108,-218,-201,-200,-221,-357,-313,-314,-308,-290,100,100,1024,1008,29997]} 1. e4 c5 2. Nf3 e6 3. d4 cxd4 4. Nxd4 Nc6 5. Nc3 a6 6. Be2 d6 7. O-O Nf6 8. Be3 Be7 9. f4 O-O 10. Qe1 Nxd4 11. Bxd4 b5 12. Bf3 Bb7 13. a3 Nd7 {B85: Sicilian Scheveningen: 6 Be2 a6, lines with early Be3} 14. Rd1 Qc7 {LiveBook: 3 Games} 15. Qg3 {[%csl Gd4][%cal Rg3g7]} Bf6 $146 {The position is equal.} ({Predecessor:} 15... e5 16. Be3 exf4 17. Bxf4 Ne5 18. Kh1 Rad8 19. Bh5 Ng6 20. Bxg6 hxg6 21. Rf3 {0-1 (37) Roth,J (2200)-Jansa,V (2480) Passau 1998}) 16. e5 (16. Bxf6 $11 Nxf6 17. Qf2) 16... dxe5 $17 17. fxe5 (17. Bxe5 $142 Bxe5 18. Bxb7 Bxf4 19. Rxf4 Qxb7 20. Rg4) 17... Bxf3 18. Rxf3 Bxe5 19. Bxe5 Nxe5 20. Re3 f6 21. Kh1 Rad8 {And now ...Rxd1+ would win.} 22. Rde1 Kh8 23. R3e2 Rd7 24. Ne4 Rfd8 25. Ng5 Qd6 (25... fxg5 26. Qxe5 Qxe5 27. Rxe5 $15) 26. h3 Qe7 27. Qf2 Kg8 28. b3 Rd5 {[%cal Bd7d5,Bd5d4,Bd4b4,Bb4b8][%mdl 32]} 29. a4 (29. b4 $17) 29... bxa4 $19 30. bxa4 h6 31. Ne4 Rd4 32. Qg3 Kh8 (32... Rxa4 33. Nxf6+ Qxf6 34. Rxe5 $11) 33. Qb3 Rb4 34. Qa2 Rd5 35. c3 Rb8 36. c4 Rd4 37. c5 Nd3 38. Rb1 Rxb1+ 39. Qxb1 Qd7 (39... Nxc5 40. Nxc5 Qxc5 41. Rxe6 $17) 40. Qc2 Qc6 (40... Qxa4 41. c6 $11) 41. Re3 Nb4 (41... Rxe4 42. Qxd3 Rxe3 43. Qxe3 $17) 42. Qe2 Nd5 (42... Qxa4 43. Nd6 $19) 43. Rg3 Qxa4 ({Don't do} 43... Rxa4 44. Kh2 $17) 44. Nf2 e5 45. Qh5 {[#] Black must now prevent Qf7.} Qd7 {[#]} (45... Nf4 $1 $19 {[%cal Rf4h5] is more deadly.} 46. Qf7 Rd7 47. Qe8+ Kh7) 46. c6 $1 $17 {[%mdl 512]} Qe7 {Strongly threatening ...Rc4.} ({Much worse is} 46... Qxc6 $6 47. Qf7 $11) 47. Ng4 (47. Qf5 $17 {was the only defense.}) 47... Nf4 $19 ({Resist} 47... Rd1+ 48. Kh2 $17) 48. Qf5 Qe6 49. Qb1 (49. Qxe6 {was called for.} Nxe6 50. Rc3) 49... Qxc6 50. Nxh6 {Intending Qb8+ and mate.} Qc7 51. Qb3 {[%csl Gh6][%cal Rb3g8]} Rc4 $2 {[#]} (51... Qc4 $19 52. Nf5 Qxb3 53. Rxb3 Rd2) 52. Rc3 $1 $16 {[%cal Rc3c4][%mdl 512] [#]} gxh6 $2 {[%mdl 8192]} (52... Qc6 $1 $16 {[%mdl 512]} 53. Qa2 Qa4 54. Qxc4 Qxc4 55. Rxc4 gxh6) (52... Rxc3 53. Qg8#) 53. Rxc4 $18 Qd6 {Precision: White = 52%, Black = 55%.} 1-0

[Event "3rd GRENKE Chess Open 2018"]
[Site "Karlsruhe"]
[Date "2018.03.30"]
[Round "2"]
[White "Hecht, Carsten"]
[Black "Antal, Gergely"]
[Result "1/2-1/2"]
[WhiteElo "2255"]
[BlackElo "2540"]
[Annotator "TA"]
[PlyCount "67"]
[EventDate "2018.??.??"]
[EventType "swiss"]
[EventCountry "GER"]
[SourceTitle "playchess.com"]
[Source "ChessBase"]
[SourceQuality "1"]

{[%evp 21,67,-17,10,9,22,28,16,23,20,12,10,7,83,76,100,89,85,76,69,60,91,83,75,48,40,45,70,-71,-67,-60,-65,-61,-58,-152,-152,-130,0,0,45,-225,-8,-63,-55,-60,153,169,230,240]} 1. e4 c6 2. d4 d5 3. Nc3 dxe4 4. Nxe4 Bf5 5. Ng3 Bg6 6. h4 h6 7. Nf3 Nd7 8. Bd3 Bxd3 9. Qxd3 e6 10. Bd2 Ngf6 11. O-O-O Bd6 12. Ne4 {B19: Classical Caro-Kann: 4...Bf5 main line} Nxe4 13. Qxe4 Nf6 14. Qe2 {The position is equal.} Bc7 (14... Qc7 15. Kb1 O-O-O 16. c4 c5 17. Bc3 cxd4 18. Nxd4 a6 19. Rc1 Bc5 {½-½ (40) Podlesnik,B (2370)-Pasko,L (2302) Pristina 2017}) 15. Kb1 Qd5 16. Rhe1 b5 $146 (16... O-O $11) ({Predecessor:} 16... O-O-O 17. c4 {1-0 (35) Villacres,D (1988)-Calderon,O (1972) Riobamba 2007}) 17. Ne5 $1 $16 O-O 18. Bc1 c5 19. Qxb5 Rab8 20. Qa6 {And now Nc6 would win.} (20. Qxc5 $6 Bxe5 21. Qxd5 Nxd5 $11) 20... Rb6 21. Qxa7 Rc8 22. c4 Qxg2 23. dxc5 Rbb8 {[%cal Bb6b8,Bb8a8,Ba8a6][%mdl 32]} 24. c6 (24. Qa3 $1 $14) 24... Bxe5 $1 $17 25. Rxe5 Qg6+ 26. Ka1 Qc2 $1 {[%mdl 1024] Black has compensation.} 27. Ree1 ({White should play} 27. Rg1 $15 Ra8 28. Qc5) 27... Ra8 $1 {[%cal Ra8a7]} 28. Qb7 Kh7 (28... Rcb8 $6 29. Bf4 $11) (28... Ne4 $17 29. a3 Nc5) 29. a3 $11 {Strongly threatening Rg1.} Ne4 30. Qe7 $2 {[%mdl 8192] [#]} (30. c7 $14 {stays ahead.} Nc5 31. Qf3) 30... Rxc6 $2 (30... Nc3 $1 $19 {[%mdl 512]} 31. bxc3 Rcb8) 31. Qb7 (31. Qxf7 Rxa3+ $1 {[%mdl 512]} 32. bxa3 Rb6 33. Qxg7+ Kxg7 34. Rd7+ Kf6 35. Bg5+ hxg5 36. hxg5+ Nxg5 37. Rd2 Qc3+ 38. Ka2 Qxd2+ 39. Ka1 Qb2#) (31. Be3 $1 $11) 31... Raa6 $1 $15 {( -> ...Nc3!)} 32. Be3 $1 ({Avoid the trap} 32. Qxf7 $2 {[#]} Nc3 $1 $19 {[%mdl 512]}) 32... Qxc4 $2 (32... Rcb6 $1 $15 {keeps the upper hand.} 33. Qxb6 (33. Bxb6 Rxa3+ 34. bxa3 Nc3 $17) 33... Rxb6 34. Bxb6 Nd2) 33. Rd4 $16 Nd6 (33... Qc5 {was worth a try.}) 34. Rxc4 {Precision: White = 46%, Black = 38%.} 1/2-1/2

[Event "3rd GRENKE Chess Open 2018"]
[Site "Karlsruhe"]
[Date "2018.03.30"]
[Round "2"]
[White "Giessmann, Stephan"]
[Black "Kuljasevic, Davorin"]
[Result "0-1"]
[WhiteElo "2252"]
[BlackElo "2538"]
[Annotator "TA RC"]
[PlyCount "116"]
[EventDate "2018.??.??"]
[EventType "swiss"]
[EventCountry "GER"]
[SourceTitle "playchess.com"]
[Source "ChessBase"]
[SourceQuality "1"]

{[%evp 15,116,-9,15,5,14,7,10,14,13,16,10,0,6,15,25,27,33,25,25,25,25,25,25,25,25,25,25,7,7,-22,0,0,6,0,-5,-27,-24,-19,40,-13,-25,-44,-44,-44,-44,-44,-44,-44,-12,-20,-10,-44,-3,-44,-10,-48,-4,-25,0,-60,-9,-28,0,-44,0,-44,-7,-44,19,-14,25,-26,0,-44,0,-73,-8,-44,-44,-54,-64,-137,-116,-361,-344,-692,-691,-555,-436,-477,-480,-650,-669,-12574,-12574,-5743,-5736,-4731,-4727,-4727,-4132,-4686,-765]} 1. d4 Nf6 2. Nf3 d5 3. Bg5 Ne4 4. Bf4 c5 5. e3 Qb6 6. Qc1 Nc6 7. c3 Bf5 8. Nbd2 e6 {LiveBook: 16 Games} 9. Nh4 {D03: 1 d4 d5 2 Nf3 Nf6 3 Bg5, including Torre Attack with early ...d5} Nxd2 10. Qxd2 Be4 11. f3 {The position is equal.} Bg6 12. Nxg6 hxg6 13. Qc2 $146 ({Predecessor:} 13. O-O-O Be7 14. g4 a5 15. c4 cxd4 16. exd4 dxc4 17. Bxc4 {½-½ (40) Tamazyan,H (2151)-Kolosowski,M (2342) Batumi 2010}) 13... O-O-O 14. Qb3 Bd6 15. Bxd6 Rxd6 16. Qxb6 axb6 17. f4 Ne7 18. Bd3 Rdd8 19. Kf2 Kc7 20. a3 Nc8 21. Rad1 Nd6 22. Kf3 Rh6 23. h3 f6 24. Rhe1 f5 25. Rc1 c4 26. Bc2 Nf7 (26... Rdh8 $11) 27. Kf2 (27. b3 $14) 27... g5 $11 28. Bd1 gxf4 29. exf4 g5 30. fxg5 Nxg5 31. Bf3 Rg8 32. Rh1 Rh4 33. Rce1 Kd6 34. Re3 Rg6 35. Rhe1 Rhh6 36. Rh1 Rh4 37. Rhe1 Kd7 (37... b5 $15) 38. R3e2 Rh8 39. Rh1 (39. b3 $5) 39... Rh4 40. Rhe1 Rh7 41. Rh1 Rgh6 ({Better is} 41... b5 $15) 42. Rhe1 Kd6 43. Rh1 (43. b3 $142) 43... Rh8 44. Rhe1 Rg8 45. Rh1 (45. b3 $11 {keeps the balance.}) 45... Rhg6 ({Much worse is} 45... Nxf3 46. Kxf3 Rhg6 47. Rhe1 $11) (45... Ne4+ $17 46. Bxe4 dxe4) 46. Rh2 Ne4+ 47. Bxe4 dxe4 $15 {[%mdl 4096] Endgame KRR-KRR} 48. Re3 (48. g4 $15) 48... e5 $17 49. dxe5+ $2 {[#]} (49. h4 $17 {was called for.}) 49... Kxe5 $19 50. g3 $2 (50. Re1 Rd6 51. h4) 50... Rd6 {Black is clearly winning.} 51. Rg2 Rd1 52. h4 Rgd8 53. Re2 R8d3 {[%csl Ge4][%cal Rd3f3] [#]} 54. Rh2 {White hopes to continue with h5.} f4 55. gxf4+ Kxf4 {( -> ...Rf3+)} 56. h5 Rf3+ 57. Kg2 Rg3+ 58. Kf2 e3+ {Precision: White = 36%, Black = 36%.} 0-1

[Event "3rd GRENKE Chess Open 2018"]
[Site "Karlsruhe"]
[Date "2018.03.30"]
[Round "2"]
[White "Bomans, Arno"]
[Black "Malakhatko, Vadim"]
[Result "0-1"]
[WhiteElo "2250"]
[BlackElo "2536"]
[Annotator "TA"]
[PlyCount "56"]
[EventDate "2018.??.??"]
[EventType "swiss"]
[EventCountry "GER"]
[SourceTitle "playchess.com"]
[Source "ChessBase"]
[SourceQuality "1"]

{[%evp 19,56,8,29,0,27,0,22,16,20,-50,0,0,18,-228,-225,-214,-222,-192,-88,-132,-124,-175,-129,-142,-152,-920,-920,-893,-900,-2009,-1138,-1051,-939,-29987,-29988,-29988,-29989,-29997,-29998]} 1. e4 c5 2. Nf3 e6 3. d4 cxd4 4. Nxd4 Nc6 5. Nc3 Qc7 6. Be3 a6 7. Qf3 {B48: Sicilian: Taimanov: 5 Nc3 Qc7 6 Be3 a6 without Be2} (7. Qd2 Nf6 8. f4 Bb4 9. Bd3 Na5 10. a3 Bxc3 11. Qxc3 Qxc3+ 12. bxc3 d5 13. exd5 exd5 14. Nb3 Nc4 15. Bd4 Ne4 {1-0 (57) Carlsen,M (2834)-Matlakov,M (2718) Wijk aan Zee 2018}) 7... Ne5 8. Qg3 h5 9. h4 d6 10. O-O-O Nf6 {LiveBook: 3 Games} 11. Bf4 Bd7 $146 ({Predecessor:} 11... b5 12. Bxe5 dxe5 13. Nf3 Ng4 14. Nh2 b4 {0-1 (46) Stoykov,G-Paskalev,D (1925) Sofia 2004}) 12. Nf3 {[%cal Rf3e5]} Nfg4 13. Be2 b5 14. Rd4 ({White should try} 14. a3 $11) 14... Bc6 (14... Qa7 $5 {[%cal Re5f3]} 15. Nxe5 (15. Rhd1 Nc6 $11) 15... Qxd4 16. Nxg4 hxg4 $15) 15. Rhd1 Rc8 16. Rxd6 $2 (16. a3 $11) 16... Bxd6 $19 17. Rxd6 Qxd6 18. Nxe5 Qe7 (18... Qd4 $19 {is more deadly.} 19. Nxg4 hxg4) 19. Nxc6 Rxc6 20. f3 b4 21. Na4 {[#]} Nf6 $1 22. Qxg7 $2 (22. e5 $17 Nd5 23. Qxg7) 22... Rg8 {[%cal Bh8g8,Bg8g2,Bg2e2,Be2e1][%mdl 32]} 23. Qh6 Rxg2 24. Bg5 Rxe2 25. Qh8+ Kd7 {[#] ( -> ...Qd6)} 26. e5 Re1+ {Black mates.} 27. Kd2 Rxe5 28. Qb8 Qd6+ {Precision: White = 10%, Black = 24%.} 0-1

[Event "3rd GRENKE Chess Open 2018"]
[Site "Karlsruhe"]
[Date "2018.03.30"]
[Round "2"]
[White "Hoerstmann, Martin"]
[Black "Lampert, Jonas"]
[Result "0-1"]
[WhiteElo "2248"]
[BlackElo "2532"]
[Annotator "TA"]
[PlyCount "128"]
[EventDate "2018.??.??"]
[EventType "swiss"]
[EventCountry "GER"]
[SourceTitle "playchess.com"]
[Source "ChessBase"]
[SourceQuality "1"]

{[%evp 26,128,14,0,4,0,16,0,2,-1,11,-7,-9,-19,-5,-17,0,0,0,0,-1,-12,-8,-6,0,-17,-43,-32,-22,-18,-27,0,-24,-22,9,56,36,26,114,45,162,156,162,155,141,77,82,0,0,0,4,-27,-22,-149,-163,-160,-139,-114,-127,-202,-202,-182,-177,-190,-167,-324,-324,-397,-384,-395,-362,-330,-274,-348,-276,-278,-279,-580,-566,-575,-548,-559,-559,-583,-265,-558,-500,-500,-426,-500,-499,-29969,-29970,-6203,-3425,-29952,-29977,-29976,-29977,-29975,-29976,-29987,-29988,-29988,-29989]} 1. Nf3 d5 2. b3 Nf6 3. Bb2 e6 4. g3 Be7 5. Bg2 b6 6. O-O O-O 7. c4 Bb7 8. e3 dxc4 9. bxc4 c5 10. Qe2 Nc6 11. Rd1 Qc7 12. Nc3 Rac8 13. d3 Rfd8 14. Rd2 {LiveBook: 4 Games. A14: English Opening: 1...e6 with b3 by White} (14. Ne1 Na5 15. Bxb7 Qxb7 16. f4 a6 17. a4 Nc6 18. g4 Ne8 19. g5 Nd6 20. Rab1 Nf5 21. Ne4 Nb4 {1-0 (60) Korotylev,A (2573)-Dzhumagaliev,Y (2400) Sochi 2017}) 14... a6 $146 ({Predecessor:} 14... Qb8 15. Rad1 Qa8 16. Ne1 Rd7 17. f4 Rcd8 18. g4 a6 19. Ba1 Nb4 20. g5 Ne8 21. Na4 Qa7 {0-1 (56) Kachiani Gersinska,K (2354)-Bulmaga,I (2372) Germany 2015}) 15. Rb1 h6 16. Ba1 {The position is equal.} Rb8 17. h3 Nd7 18. Ne4 Na5 19. Nh4 Bxe4 20. Bxe4 Bf6 21. Bxf6 Nxf6 22. Bg2 b5 23. cxb5 axb5 24. Rc2 Nd5 25. Rbc1 c4 26. dxc4 Nb4 27. cxb5 Nxc2 28. Rxc2 Qe5 29. Bf1 Qa1 30. Nf3 Rd1 31. Kg2 e5 (31... Nb7 $11 {keeps the balance.}) 32. Nh2 (32. Nd2 $16) 32... Rd6 ({Black should play} 32... Nb7 $14) 33. Qg4 $18 Qb1 34. Rc8+ Rd8 35. Rc7 ({Better is} 35. Rxb8 Rxb8 36. Qa4) 35... Qxa2 $16 36. Qe4 (36. Nf3 $16) 36... Qd5 $36 {[%mdl 2048] Black has good play.} 37. Qxd5 Rxd5 38. Ng4 e4 39. f4 {[#]} (39. Re7 $1 $11) 39... exf3+ $1 $17 40. Kxf3 Rf5+ 41. Kg2 Nb7 42. e4 (42. Rd7 $17) 42... Rc5 $19 43. Rd7 Rc2+ 44. Kf3 Nc5 45. Rd4 $2 (45. Ne3) 45... Nb3 46. Rb4 Nd2+ 47. Ke2 Nxf1+ 48. Kxf1 {[%mdl 4096] Endgame KRR-KRN} Rc5 49. Kf2 Rcxb5 50. Rxb5 Rxb5 {KR-KN} 51. Kf3 $2 (51. Ne3) 51... Kf8 52. Kf4 Rb3 53. h4 Ke7 54. Ne5 {[#]} Rc3 (54... g5+ $142 $1 55. Kg4 (55. hxg5 hxg5+) 55... Ke6) 55. h5 $2 (55. Nf3 {was forced.}) 55... Rc1 56. Nf3 Rh1 57. Nh4 Ke6 58. Nf5 (58. Ke3 $19 Kf6 59. Kf4) 58... Rf1+ 59. Kg4 Ke5 60. Nxg7 Kxe4 {Black mates.} 61. Kh3 Kf3 {[%cal Rf1h1]} 62. Kh2 Kg4 63. Kg2 Re1 64. Kf2 Re7 {Precision: White = 42%, Black = 64%.} 0-1